000 00199nam a2200085Ia 4500
008 120527s9999 xx 000 0 und d
100 _aSociety for Research
245 _aChild Development.
942 _cBK
999 _c27566
_d27566